Kendrick Lamar Most Popular Songs - Statistics

General Stats
  • This quiz has been taken 87 times
    30 since last reset
  • The average score is 16 of 20
Answer Stats
Number Album Song Streams % Correct
1 DAMN. HUMBLE. 2,700,661,169
100%
8 GNX luther (with SZA) 1,083,596,762
95%
6 DAMN. DNA. 1,365,668,403
91%
3 good kid, m.A.A.d city Money Trees 1,958,881,188
91%
14 To Pimp A Butterfly Alright 931,965,133
86%
17 WE DON'T TRUST YOU(Future/Metro Boomin) Like That 827,319,222
86%
15 good kid, m.A.A.d city Bitch, Don't Kill My Vibe 869,663,673
82%
9 The Melodic Blue (Baby Keem) family ties (with Kendrick Lamar) 1,050,393,882
82%
4 DAMN. LOVE. FEAT. ZACARI 1,683,409,485
82%
18 DAMN. LOYALTY. FEAT. RIHANNA 807,664,932
82%
10 DAMN. PRIDE. 1,037,752,052
82%
2 BPTAMFAIB* All The Stars (with SZA) 2,502,123,877
77%
20 To Pimp A Butterfly King Kunta 699,810,651
77%
5 - Not Like Us 1,600,868,706
77%
12 good kid, m.A.A.d city Swimming Pools (Drank) 963,654,503
77%
19 Oxymoron (ScHoolboy Q) Collard Greens 739,621,622
73%
13 LONG.LIVE.A$AP (A$AP Rocky) F**kin' Problems (feat. Drake, 2 Chainz & Kendrick Lamar) 933,145,823
73%
16 good kid, m.A.A.d city m.A.A.d. city 856,119,234
59%
7 BPTAMFAIB* Pray For Me (with Kendrick Lamar) 1,091,219,136
45%
11 Red Pill Blues (Maroon 5) Don't Wanna Know (feat. Kendrick Lamar) 1,034,495,817
32%
No matching quizzes found
Score Distribution
Percent of People with Each Score
Percentile by Number Answered
Your Score History
You have not taken this quiz since the last reset